Policy assessment for the review of the secondary national ambient air quality standards for NOx and SOx : second external review draft /

Bibliographic Details
Corporate Author: United States. Environmental Protection Agency. Office of Air Quality Planning and Standards (Author)
Format: Government Document eBook
Language:English
Published: Research Triangle Park, N.C. : U.S. Environmental Protection Agency, Office of Air Quality Planning and Standards, Health and Environmental Impacts Division, 2010.
Subjects:
Online Access:https://purl.fdlp.gov/GPO/gpo39435

MARC

Tag First Indicator Second Indicator Subfields
LEADER 00000cam a2200000 i 4500
001 in00003420007
005 20211120171512.0
006 m o d f
007 cr mn||||a||||
008 130828s2010 ncuab obt f000 0 eng c
035 |a (OCoLC)ocn857140577 
040 |a GPO  |b eng  |e rda  |e pn  |c GPO  |d MvI  |d UtOrBLW 
042 |a pcc 
043 |a n-us--- 
049 |a WWW 
074 |a 0483-E-22 (online) 
086 0 |a EP 4.52:N 63/2/DRAFT 2 
110 1 |a United States.  |b Environmental Protection Agency.  |b Office of Air Quality Planning and Standards,  |e author. 
245 1 0 |a Policy assessment for the review of the secondary national ambient air quality standards for NOx and SOx :  |b second external review draft /  |c [prepared by the Office of Air Quality Planning and Standards]. 
264 1 |a Research Triangle Park, N.C. :  |b U.S. Environmental Protection Agency, Office of Air Quality Planning and Standards, Health and Environmental Impacts Division,  |c 2010. 
300 |a 1 online resource (449 unnumbered pages) :  |b color illustrations, maps 
336 |a text  |b txt  |2 rdacontent 
337 |a computer  |b c  |2 rdamedia 
338 |a online resource  |b cr  |2 rdacarrier 
500 |a Title from title screen (viewed on Aug. 28, 2013). 
500 |a "September, 2010." 
500 |a "EPA 452/P-10-008." 
504 |a Includes bibliographical references. 
650 0 |a Air quality  |x Standards  |z United States. 
650 0 |a Sulfur oxides  |x Standards  |z United States. 
650 0 |a Atmospheric sulfur dioxide  |x Standards  |z United States. 
650 0 |a Atmospheric nitrogen oxides  |x Standards  |z United States. 
650 0 |a Air quality management  |z United States. 
710 1 |a United States.  |b Environmental Protection Agency.  |b Health and Environmental Impacts Division,  |e issuing body. 
776 0 8 |i Paper version:  |t Policy assessment for the review of the secondary national ambient air quality standards for NOx and SOx  |w (OCoLC)690108246 
856 4 0 |u https://purl.fdlp.gov/GPO/gpo39435  |t 0 
999 |a MARS 
999 f f |s fdd8fa83-dbab-3edf-b5e5-55904173513d  |i 146ceb04-3f3b-32f4-8219-7c0de74bb772  |t 0 
952 f f |a Texas A&M University  |b College Station  |c Electronic Resources  |d Available Online  |t 0  |e EP 4.52:N 63/2/DRAFT 2  |h Superintendent of Documents classification 
998 f f |a EP 4.52:N 63/2/DRAFT 2  |t 0  |l Available Online